Làm ơn hãy để con yên
Những kiến thức giúp các bậc cha mẹ hiểu biết về sự phát triển tâm lý và tư duy ở tuổi mới lớn của con cái, những ví dụ trong các trường hợp cụ thể
Bewaard in:
| Hoofdauteur: | |
|---|---|
| Formaat: | Boek |
| Taal: | Vietnamese |
| Gepubliceerd in: |
TP. Hồ Chí Minh
Trẻ
2006
|
| Reeks: | Cẩm nang nuôi dạy con tuổi mới lớn
|
| Onderwerpen: | |
| Tags: |
Voeg label toe
Geen labels, Wees de eerste die dit record labelt!
|
| Thư viện lưu trữ: | Trung tâm Học liệu Lê Vũ Hùng, Trường Đại học Đồng Tháp |
|---|
| LEADER | 01132aam a22002778a 4500 | ||
|---|---|---|---|
| 001 | 00028744 | ||
| 005 | 20171026081025.0 | ||
| 008 | 120403s2006 ||||||viesd | ||
| 020 | |c 25000 | ||
| 041 | 0 | # | |a vie |
| 082 | 1 | 4 | |a 155.5 |b L104A |
| 100 | 1 | # | |a Đặng, Nguyễn Đông Vy |
| 245 | 1 | 0 | |a Làm ơn hãy để con yên |c Đặng Nguyễn Đông Vy |
| 260 | # | # | |a TP. Hồ Chí Minh |b Trẻ |c 2006 |
| 300 | # | # | |a 195tr. |c 18cm. |
| 490 | # | # | |a Cẩm nang nuôi dạy con tuổi mới lớn |
| 520 | # | # | |a Những kiến thức giúp các bậc cha mẹ hiểu biết về sự phát triển tâm lý và tư duy ở tuổi mới lớn của con cái, những ví dụ trong các trường hợp cụ thể |
| 650 | # | 4 | |a Tâm lý học |
| 653 | # | # | |a Giáo dục gia đình |
| 653 | # | # | |a Thanh niên |
| 653 | # | # | |a Tuổi mới lớn |
| 653 | # | # | |a Tâm lý lứa tuổi |
| 852 | # | # | |b Kho đọc |j KD.0013065 |
| 852 | # | # | |j KD.0013065 |
| 910 | |d 03/04/2012 | ||
| 980 | # | # | |a Trung tâm Học liệu Lê Vũ Hùng, Trường Đại học Đồng Tháp |